000 01495nam0a22003011 4500
001 rc\2796348
005 20260407230928.0
035 _a(NLR Aleph) 006922394
090 _a7460793
_c7460793
100 _a20110915d1936 |||y0rusy50 ca
101 0 _arus
102 _aRU
105 _aa z 000yy
200 1 _aАгроправила по растениеводству открытого грунта в совхозах и колонизационных поселках Комбината на 1936 год
_fБеломорско-Балт. комбинат НКВД
_g[под общ. ред. и предисл.: Лесли С.М. ]
210 _aМедвежья гора
_cСельхозотдел
_d1936
_gтип. ББК НКВД
215 _aОбл., 200 с., 5 вкл. л. табл.
_d14х11 см.
606 1 _aРастениеводство
_xАгроправила
_yКарельская АССР
_92198984
_3RU\NLR\AUTH\6601556551
617 _aСССР
_mЕвропейская часть
_mСеверо-Запад
_bКарельская АССР
686 _aП1(2Р31-6Кар)
702 1 _aЛесли
_bС. М.
_4080
710 0 2 _aБеломорско-Балтийский комбинат
_9807780
_3RU\NLR\AUTH\8810156161
711 0 2 _aБеломорско-Балтийский комбинат
_9807780
_3RU\NLR\AUTH\8810156161
801 0 _aRU
_bNLR
_gpsbo
801 1 _aRU
_bELAR
_2rusmarc
801 2 _aRU
_bNLR
_c20140924
_2rusmarc
852 _aNLR
_j36-1/88
942 _cBOOK
980 _aNB